Research methods in applied linguistics: a practical resource

Guardat en:
Dades bibliogràfiques
Altres autors: Paltridge, Brian (Editor), Phakiti, Aek (Editor)
Format: Llibre
Idioma:anglès
Publicat: London, United Kingdom: Bloomsbury, 2015.
Col·lecció:Research Methods in Linguistics.
Matèries:
Etiquetes: Afegir etiqueta
Sense etiquetes, Sigues el primer a etiquetar aquest registre!

MARC

LEADER 00000cam a2200000 a 4500
001 UCC4064
003 CL-VaPUC
005 20240723105743.0
008 180706e20150000uk |||||||||||||||||eng|d
999 |c 371669  |d 371667 
020 |a 9781472525017 
040 |c Pontificia Universidad Católica de Valparaíso 
082 0 4 |a 418.0072 PAL 2015  |2 21 
100 |a Paltridge, Brian  |e editor  |9 597669 
245 1 0 |a Research methods in applied linguistics:  |b  a practical resource 
260 |a London, United Kingdom:  |b Bloomsbury,  |c 2015. 
300 |a xv, 590 páginas.  
490 |a Research Methods in Linguistics.  
583 |a last modification  |c 20180706 14:40:00  |k Rodrigo Vera 
650 0 |a Lingüística aplicada   |9 313266 
650 7 |a METODOLOGIA DE LAS CIENCIAS SOCIALES  |2 CL-VaPUC  |9 519156 
700 |a Phakiti, Aek  |e editor  |9 880326 
942 |c BK  |2 ddc 
945 |d 20180706 14:40:00  |a dcastane 
952 |0 0  |1 0  |2 ddc  |4 0  |6 418_007200000000000_PAL_2015  |7 0  |8 A  |9 595923  |a BIBEDU  |b BIBEDU  |d 2024-07-23  |e 13  |g 301546.00  |i 5662280  |o 418.0072 PAL 2015  |p 5662280  |r 2024-07-23  |t 2  |v 301546.00  |w 2024-07-23  |y BK  |k LIT